| 000 | 00422nam a2200181Ia 4500 | ||
|---|---|---|---|
| 003 | OSt | ||
| 005 | 20260324143441.0 | ||
| 008 | 250729s2010 xx 000 0 und d | ||
| 040 | _cAL | ||
| 041 | _aeng | ||
| 082 | _a930.7 RAYH | ||
| 100 |
_aS.C.Raychoudhary _9230460 |
||
| 245 | _aHistory of india | ||
| 260 |
_aDelhi _bSurjeet Publication _c2010 |
||
| 300 | _a438p | ||
| 650 |
_aHistory _9230461 |
||
| 942 |
_2ddc _cBED |
||
| 999 |
_c238793 _d238793 |
||